000
00281nam a2200085Ia 4500
005
20250424112848.0
008
250424s9999 xx 000 0 und d
650
_a
Nigeria--History--Periodicals. Nigeria--Politics and government--Periodicals. Africa--History--Periodicals.
942
_c
SR
999
_c
37564
_d
37564